Catálogo

Donde surgieron las sombras / (Registro nro. 61876)

Detalles MARC
000 -LEADER
fixed length control field 00582nam a2200193 u 4500
001 - CONTROL NUMBER
control field 61876
005 - DATE AND TIME OF LATEST TRANSACTION
control field 20180714063700.0
008 - FIXED-LENGTH DATA ELEMENTS--GENERAL INFORMATION
fixed length control field 141206s2012 mx r 000 0 spa d
082 ## - DEWEY DECIMAL CLASSIFICATION NUMBER
Classification number 863
Item number LOZ
100 1# - MAIN ENTRY--PERSONAL NAME
Personal name Lozano Garbala, David
Relator term autor
245 10 - TITLE STATEMENT
Title Donde surgieron las sombras /
Statement of responsibility, etc. David Lozano Grbala.
250 ## - EDITION STATEMENT
Edition statement Primera edición
264 ## - PRODUCTION, PUBLICATION, DISTRIBUTION, MANUFACTURE, AND COPYRIGHT NOTICE
Place of production, publication, distribution, manufacture México :
Name of producer, publisher, distributor, manufacturer Ediciones SM ,
Date of production, publication, distribution, manufacture, or copyright notice 2012
300 ## - PHYSICAL DESCRIPTION
Extent 281 paginas ; :
Other physical details 21 cm.
336 ## - CONTENT TYPE
Content type term texto
Source rdacontent
337 ## - MEDIA TYPE
Media type term sin mediación
Source rdamedia
338 ## - CARRIER TYPE
Carrier type term volumen
Source rdacarrier
490 1# - SERIES STATEMENT
Series statement Premio gran angular
Existencias
Withdrawn status Lost status Source of classification or shelving scheme Damaged status Not for loan Collection code Home library Current library Shelving location Date acquired Source of acquisition Total Checkouts Full call number Barcode Date last seen Date last checked out Price effective from Koha item type
    Dewey Decimal Classification     General Tehuacán Tehuacán Sala general 06/12/2014 Compra 1 863 LOZ 509565 08/01/2025 23/03/2015 06/12/2014 Libro